000 00534nam a2200217Ia 4500
005 20250425161444.0
008 250425s9999 xx 000 0 und d
020 _a0471652784
041 _aeng
082 _a551.4609
100 _aOFFICER, CHARLES B.
245 0 _aPHYSICAL OCEANOGRAPHY OF ESTUARIES (AND ASSOCIATED COASTAL WATERS)
250 _aS.E.
260 _aEstados Unidos
_bWILE
_c1976
260 _aMADISON
300 _a465
650 _aESTUARIOS
650 _aOCEANOGRAFIA
942 _c01
010 _a20744
999 _c209639
_d209639